000 00761nab a2200241 u 4500
001 21051
003 HDC
007 cr bn ---aaaaa
008 210307c |r|noo 0 a d
040 _aHDC
245 0 _aPOTENSI BESAR DARI BISNIS HALAL
260 _a[No place] :
_b[publisher not identified],
_c2016
336 _atext
_2rdacontent
337 _acomputer
_2rdamedia
338 _aonline resource
_2rdacarrier
650 _aHalal industry
_9144
650 _aHalal product
_948
710 _aKONTAN.CO.ID
856 _zRequest full-text at [email protected]
942 _2lcc
942 _cNEWS
942 _kNWSO 010151
999 _c18367
_d18367